<?xml version="1.0" encoding="UTF-8"?>
<marc:record xmlns:marc="http://www.loc.gov/MARC21/slim">
   <marc:leader>00000nam a2200000 a 4500</marc:leader>
   <marc:datafield ind1="1" ind2=" " tag="100">
      <marc:subfield code="a">Kuehs, Wilhelm</marc:subfield>
      <marc:subfield code="4">aut</marc:subfield>
      <marc:subfield code="e">Verfasser/-in</marc:subfield>
   </marc:datafield>
   <marc:datafield ind1=" " ind2=" " tag="653">
      <marc:subfield code="a">Budisavljevic</marc:subfield>
   </marc:datafield>
   <marc:datafield ind1=" " ind2=" " tag="653">
      <marc:subfield code="a">Diana</marc:subfield>
   </marc:datafield>
   <marc:datafield ind1=" " ind2=" " tag="653">
      <marc:subfield code="a">1891-1978</marc:subfield>
   </marc:datafield>
   <marc:datafield ind1="0" ind2="0" tag="245">
      <marc:subfield code="a">Dianas Liste</marc:subfield>
   </marc:datafield>
   <marc:datafield ind1="0" ind2="0" tag="245">
      <marc:subfield code="c">Wilhelm Kuehs</marc:subfield>
   </marc:datafield>
   <marc:datafield ind1=" " ind2="1" tag="264">
      <marc:subfield code="a">Innsbruck</marc:subfield>
      <marc:subfield code="b">Tyrolia</marc:subfield>
      <marc:subfield code="c">2017</marc:subfield>
   </marc:datafield>
   <marc:datafield ind1="1" ind2=" " tag="520">
      <marc:subfield code="a">Ich wollte, dass geholfen werde, wo immer es möglich war&#x93; Diana Budisavljevic##Sie rettete tausende Kinder aus den Konzentrationslagern der kroatischen Usta&#x9a;a. Doch Diana Budisavljevic ist heute fast vergessen. Als Diana Obexer in Innsbruck geboren, ging sie die der Liebe wegen nach Kroatien. Dort fand sie mitten im Grauen des Zweiten Weltkrieges ihre Bestimmung. Mit Mut, Beharrlichkeit und oft unter Lebensgefahr bewahrten Diana und ihre Helfer die Kinder vor dem sicheren Tod in den Lagern. &#x84;Dianas Liste&#x93; erzählt die Geschichte dieser außergewöhnlichen Heldin. ##Tipps: Eine Heldin in dunklen Zeiten#Beruht auf einer wahren Begebenheit#Die Geschichte einer außergewöhnlichen Frau#Packend und einfühlsam erzählt</marc:subfield>
   </marc:datafield>
   <marc:datafield ind1=" " ind2=" " tag="020">
      <marc:subfield code="a">9783702235970</marc:subfield>
      <marc:subfield code="9">9783702235970</marc:subfield>
   </marc:datafield>
   <marc:datafield ind1=" " ind2=" " tag="041">
      <marc:subfield code="a">ger</marc:subfield>
   </marc:datafield>
   <marc:datafield ind1=" " ind2=" " tag="300">
      <marc:subfield code="a">259 Seiten</marc:subfield>
   </marc:datafield>
</marc:record>
